Process Dynamics and Control / (Record no. 17367)
[ view plain ]
| 000 -LEADER | |
|---|---|
| fixed length control field | 00952nam a22002898a 4500 |
| 001 - CONTROL NUMBER | |
| control field | 015583469 |
| 003 - CONTROL NUMBER IDENTIFIER | |
| control field | Uk |
| 005 - DATE AND TIME OF LATEST TRANSACTION | |
| control field | 20130317142245.0 |
| 008 - FIXED-LENGTH DATA ELEMENTS--GENERAL INFORMATION | |
| fixed length control field | 100616s2010 njua 001 0 eng|d |
| 015 ## - NATIONAL BIBLIOGRAPHY NUMBER | |
| National bibliography number | GBB075319 |
| Source | bnb |
| 020 ## - INTERNATIONAL STANDARD BOOK NUMBER | |
| International Standard Book Number | 0470646101 (pbk.) |
| 020 ## - INTERNATIONAL STANDARD BOOK NUMBER | |
| International Standard Book Number | 9780470646106 (pbk.) |
| 082 04 - DEWEY DECIMAL CLASSIFICATION NUMBER | |
| Classification number | 660.2815 |
| Edition number | 22 |
| Item number | SEB |
| 100 1# - MAIN ENTRY--PERSONAL NAME | |
| Personal name | Seborg, Dale E. |
| 9 (RLIN) | 32862 |
| 245 10 - TITLE STATEMENT | |
| Title | Process Dynamics and Control / |
| Statement of responsibility, etc | Dale E. Seborg, Thomas F. Edgar, Duncan A. Mellichamp. |
| 250 ## - EDITION STATEMENT | |
| Edition statement | 3rd ed. |
| 260 ## - PUBLICATION, DISTRIBUTION, ETC. (IMPRINT) | |
| Place of publication, distribution, etc | Hoboken, N.J. : |
| Name of publisher, distributor, etc | Wiley ; |
| Place of publication, distribution, etc | Chichester : |
| Name of publisher, distributor, etc | John Wiley [distributor], |
| Date of publication, distribution, etc | 2010. |
| 300 ## - PHYSICAL DESCRIPTION | |
| Extent | 1 v. : |
| Other physical details | ill. |
| 500 ## - GENERAL NOTE | |
| General note | Previous ed.: 2004. |
| 504 ## - BIBLIOGRAPHY, ETC. NOTE | |
| Bibliography, etc | Includes bibliographical references and index. |
| 650 #0 - SUBJECT ADDED ENTRY--TOPICAL TERM | |
| Topical term or geographic name as entry element | Chemical process control. |
| 9 (RLIN) | 32863 |
| 650 #0 - SUBJECT ADDED ENTRY--TOPICAL TERM | |
| Topical term or geographic name as entry element | Chemical process control |
| General subdivision | Mathematical models. |
| 9 (RLIN) | 32864 |
| 653 ## - INDEX TERM--UNCONTROLLED | |
| Resource For college | |
| Arrived date list | March2013 |
| 700 1# - ADDED ENTRY--PERSONAL NAME | |
| Personal name | Edgar, Thomas F. |
| 9 (RLIN) | 32865 |
| 700 1# - ADDED ENTRY--PERSONAL NAME | |
| Personal name | Mellichamp, Duncan A. |
| 9 (RLIN) | 32866 |
| 942 ## - ADDED ENTRY ELEMENTS (KOHA) | |
| Source of classification or shelving scheme | Dewey Decimal Classification |
| Item type | Book - Borrowing |
| Withdrawn status | Item status | Source of classification or shelving scheme | Damaged status | Not for loan | Vendor | Home library | Current library | Shelving location | Date acquired | Source of acquisition | Total Checkouts | Full call number | Barcode | Date last seen | Koha item type | Date last borrowed |
|---|---|---|---|---|---|---|---|---|---|---|---|---|---|---|---|---|
| Dewey Decimal Classification | Baccah | Central Library | Central Library | First floor | 17/03/2013 | 660.2815 SEB | 000028503 | 15/07/2025 | NB - Book (Non borrowing) | |||||||
| Dewey Decimal Classification | Baccah | Central Library | Central Library | First floor | 17/03/2013 | 660.2815 SEB | 000028504 | 15/07/2025 | Book - Borrowing | |||||||
| Dewey Decimal Classification | Baccah | Central Library | Central Library | First floor | 17/03/2013 | 1 | 660.2815 SEB | 000028505 | 15/07/2025 | Book - Borrowing | 06/02/2017 |